Estatísticas para Times da Série A, B e C 2024

Clique aqui para jogar o quiz

Estatísticas Gerais

  • Esse quiz foi jogado 132 vezes
  • A pontuação média é 50 de 60

Estatísticas das Respostas

Divisão-EstadoResposta% Correto
Série A-Rio de JaneiroBotafogo
99%
Série A-São PauloPalmeiras
99%
Série A-São PauloSão Paulo
99%
Série A-Minas GeraisAtlético Mineiro
98%
Série A-São PauloCorinthians
98%
Série A-Rio de JaneiroFlamengo
98%
Série A-Rio de JaneiroVasco
98%
Série A-BahiaBahia
97%
Série A-Minas GeraisCruzeiro
97%
Série A-Rio de JaneiroFluminense
97%
Série A-Rio Grande do SulGrêmio
97%
Série A-Rio Grande do SulInternacional
97%
Série B-São PauloSantos
97%
Série B-CearáCeará
96%
Série B-GoianiaGoias
96%
Série A-CearáFortaleza
95%
Série A-Rio Grande do SulJuventude
95%
Série C-Minas GeraisAthletic
94%
Série A-Mato GrossoCuiabá
94%
Série A-BahiaVitória
94%
Série A-ParanáAthletico
92%
Série A-GoiásAtlético Goianiense
92%
Serie A-Santa CatarinaCriciuma
92%
Série A-São PauloRed Bull Bragantino
92%
Série B-AmazonasAmazonas
91%
Série B-Santa CatarinaChapecoense
90%
Série B-PernambucoSport
90%
Série B-ParanáCoritiba
88%
Série B-ParáPaysandu
88%
Série B-São PauloPonte Preta
87%
Série B-AlagoasCRB
86%
Série B-Minas GeraisAmerica Mineiro
85%
Série C-AlagoasCSA
85%
Série B-GoiásVila Nova
85%
Série B-Santa CatarinaAvai
84%
Série C-ParáRemo
83%
Série B-São PauloGuarani
81%
Série C-PernambucoNáutico
81%
Série C-Rio Grande do SulCaxias
79%
Série C-Rio Grande do NorteABC
78%
Série C-ParanáLondrina
78%
Série B-São PauloNovorizontino
77%
Série B-Santa CatarinaBrusque
76%
Série C-Santa CatarinaFigueirense
75%
Série B-São PauloItuano
74%
Série B-São PauloMirassol
74%
Série C-Rio de JaneiroVolta Redonda
73%
Série B-Sao PauloBotafogo SP
70%
Série B-ParanáOperário
70%
Série C-MaranhãoSampaio Correa
70%
Série C-Minas GeraisTombense
67%
Série C-ParaibaBotafogo PB
64%
Série C-CearáFerroviário
63%
Série C-São PauloSão Bernardo
61%
Série C-Rio Grande do SulYpiranga
61%
Série C-São PauloFerroviária
60%
Série C-Rio Grande do SulSão José
54%
Série C-SergipeConfiança
53%
Série C-CearáFloresta
50%
Série C-GoiasAparecidense
49%

Distribuição das Pontuações

Percentil de Números Respondidos

Porcentagem de Pessoas com Cada Pontuação

Sua Pontuação Histórica

Você não jogou esse quiz